000
00336nam a2200145Ia 4500
008
150201s2005 xx 000 0 und d
082
_a
617.695
_b
D2005C
100
_a
CRAIG,ROBERT G.
245
_a
DENTAL MATERIALS
250
_a
8TH
260
_b
MOSBY
_a
DELHI
_c
2005
300
_a
1-348
650
_a
DENTAL MATERIAL
942
_2
ddc
_c
BK
999
_c
3601
_d
3601